Francisci Bene elementa medicinae practicae, e praelectionibus illius publicis edita

Elmentve itt :
Bibliográfiai részletek
Szerző: Bene Ferenc
Dokumentumtípus: Könyv
Megjelent: Sumpt. Conr. Adolphi Hartleben ; Typ. Trattner-Károlyianis [Pest] Pestini 1833
Kulcsszavak:Orvostudomány
Online Access:http://misc.bibl.u-szeged.hu/45813
LEADER 00707nam a2200181 i 4500
001 misc45813
005 20200114124710.0
008 190102s1833 hu o 0|| lat d
040 |a SZTE Miscellanea Repozitórium  |b hun 
041 |a lat 
100 1 |a Bene Ferenc 
245 1 0 |a Francisci Bene elementa medicinae practicae, e praelectionibus illius publicis edita  |h [elektronikus dokumentum] /  |c  Bene Ferenc 
260 |a Sumpt. Conr. Adolphi Hartleben ; Typ. Trattner-Károlyianis  |b [Pest] Pestini  |c 1833 
300 |a 420 p.  |c 8o 
561 |a Poór Imre hagyaték 
695 |a Orvostudomány 
700 0 1 |a Bene Ferenc 
856 4 0 |u http://misc.bibl.u-szeged.hu/45813/1/elementa_medicinae_practicae_002.pdf  |z Dokumentum-elérés